000 00501nam a2200181Ia 4500
008 240729s9999 xx 000 0 und d
022 _a2673-4540
245 0 _aDiabetology
260 _aSwitzerland
260 _bMDPI AG
650 _a Diseases of the blood and blood-forming organs
650 _a Internal medicine
650 _a Specialties of internal medicine
650 _aMedicine
856 _uhttps://doaj.org/toc/58c7411e0a24480986880a71a085b5cf
942 _2ddc
942 _cDOAJEJ
999 _c74448
_d74448
945 _a1
_bMadushi Gamage
_c1
_dMadushi Gamage